000 00675nam a22002177a 4500
003 UA-OsUOA
001 129367
007 ta
008 20180228b un ||||| |||| 00| 0 ukr d
100 _aЖулинський М.
090 _a82
_bЖ87
942 _cSA
040 _aUA-OsUOA
_bukr
_cUA-OsUOA
_dUA-OsUOA
245 _aМайстер "зазивання духів" ... та оживлення їх творчою уявою. Уявою і фантазією петра Кралюка
300 _aС.30-31
955 _a0
041 _aukr
080 _a82
773 0 _w129258
650 7 _a82 Література. Літературознавство
_2UDC
999 _c417203
_d417203